| 000 | 00306nam a2200109Ia 4500 | ||
|---|---|---|---|
| 008 | 230907s9999||||xx |||||||||||||| ||und|| | ||
| 082 |
_a621.89 _bBLO |
||
| 245 | 0 | _aPractical lubrication for industrial facilities / | |
| 300 | _axviii, 570 pages ; | ||
| 650 |
_aHandbooks, manuals, etc. _911475 |
||
| 942 | _cBK | ||
| 999 |
_c599577 _d599577 |
||